000 01170cam a22003253i 4500
001 12941267
003 EG-ScBUE
005 20250317094929.0
008 020923s1966 nyua f 001 0 eng d
040 _aEG-ScBUE
_beng
_erda
_cEG-ScBUE
_dEG-ScBUE
041 1 _aeng
_hfre
082 0 4 _a530.1
_bBRO
_222
100 1 _aBroglie, Louis de,
_d1892-1987,
_96192
_eauthor.
240 1 0 _aPhysique et microphysique.
_lEnglish
245 1 0 _aPhysics and microphysics /
_cby Louis de Broglie ; translated by Martin Davidson ; with a foreword by Albert Einstein.
250 _aUniversal library edition.
264 1 _aNew York :
_bThe Universal Library Grosset & Dunlap :
_bPantheon Books, Inc.,
_c1966.
300 _a286 pages :
_billustrations ;
_c22 cm
336 _2rdacontent
_atext
_btxt
337 _aunmediated
_2rdamedia
_bn
338 _avolume
_bnc
_2rdacarrier
500 _aIncludes index.
500 _aIncludes appendix.
650 7 _aPhysics.
_96193
_2BUEsh
650 7 _aPhysics
_xPhilosophy.
_96194
_2BUEsh
655 _vReading book
700 1 _aDavidson, Martin,
_etranslator.
700 1 _aEinstein, Albert,
_dauthor of introduction, etc.
942 _2ddc
_cBB
999 _c11838
_d11838